| Поле | Инд. | ПП | Название | Значение |
|---|---|---|---|---|
| Тип записи | a | |||
| Библиографический уровень | m | |||
| 001 | Контрольный номер | RU/IS/BASE/605701628 | ||
| 005 | Дата корректировки | 20230216084136.7 | ||
| 020 | c | Цена, тираж | 272-00 | |
| 040 | b | Код языка каталог. | rus | |
| e | Правила каталог. | PSBO | ||
| 041 | 0_ | a | Код языка текста | rus |
| 084 | a | Индекс другой классификации/Индекс ББК | 87 | |
| 090 | a | Полочн. индекс | 87 | |
| c | Каталожный индекс | 87 | ||
| x | Авторский знак | А 65 | ||
| 091 | i | Возрастная адресация (DOS) | 12+ | |
| 097 | b | Оператор | ; Кондратьева; Кондратьева; Маслова | |
| 100 | 1_ | a | Автор | Андрианов М. А. |
| q | Полное имя | Андрианов Михаил Александрович | ||
| 245 | 10 | a | Заглавие | Беседы о мышлении и мудрости в сказках и рассказах |
| b | Продолж. заглавия | Пособие по воспитанию детей в семье и школе : [12+] | ||
| 260 | a | Место издания | Минск | |
| b | Издательство | Кн.Дом:Литера Гранд | ||
| c | Дата издания | 2018 | ||
| 300 | a | Объем | 256 с. | |
| 440 | _0 | a | Серия | Философия для детей |
| 901 | t | Тип документа | m |